书目信息 |
| 题名: |
共产主义道德新探
|
|
| 作者: | 李锺英 著 | |
| 分册: | ||
| 出版信息: | 南京 江苏人民出版社 1982 |
|
| 页数: | 118页 | |
| 开本: | 19cm | |
| 丛书名: | ||
| 单 册: | ||
| 中图分类: | B821.1 | |
| 科图分类: | ||
| 主题词: | 共产主义道德--研究 | |
| 电子资源: | ||
| ISBN: | ||
| 000 | 00616nam0 2200229 45 | |
| 001 | 0182006247 | |
| 005 | 20060727172112.64 | |
| 010 | @dCNY0.30 | |
| 091 | @aCN@b3100.230 | |
| 100 | @a19950605d1982 em y0chiy0121 ea | |
| 101 | 0 | @achi |
| 102 | @aCN@b320000 | |
| 105 | @ay z 000yy | |
| 200 | 10 | @a共产主义道德新探@Agong chan zhu yi dao de xin tan@f李锺英著 |
| 210 | @a南京@c江苏人民出版社@d1982 | |
| 215 | @a118页@d19cm | |
| 606 | @a共产主义道德@x研究 | |
| 690 | @aB821.1@v3 | |
| 701 | 0 | @a李锺英@Ali zhong ying@4著 |
| 801 | 0 | @aCN@bTSSF@c20060727 |
| 801 | 2 | @aCN@bNLC@c20060727 |
| 905 | @a10447@dB821.1@e182 | |
| 共产主义道德新探/李锺英著.-南京:江苏人民出版社,1982 |
| 118页;19cm |
| ISBN :CNY0.30 |
| ● |
| 相关链接 |
|
|
|
|
正题名:共产主义道德新探
索取号:B821.1/182
 
预约/预借
| 序号 | 登录号 | 条形码 | 馆藏地/架位号 | 状态 | 备注 |
| 1 | 0440132 | 204401325 | 密集书库/ [索取号:B821.1/182] | 在馆 | |
| 2 | 0440140 | 204401405 | 密集书库/ [索取号:B821.1/182] | 在馆 | |
| 3 | 0440360 | 204403608 | 密集书库/ [索取号:B821.1/182] | 在馆 |